书目信息 |
| 题名: |
保险实务与案例
|
|
| 作者: | 张炳达 , 王晓静 编著 | |
| 分册: | ||
| 出版信息: | 上海 上海财经大学出版社 2012 |
|
| 页数: | 314页 | |
| 开本: | 23cm | |
| 丛书名: | ||
| 单 册: | ||
| 中图分类: | F842.4 | |
| 科图分类: | ||
| 主题词: | 保险业务--中国--高等职业教育--教材 , 保险业务 | |
| 电子资源: | ||
| ISBN: | 978-7-5642-1279-7 | |
| 000 | 01014nam0 2200289 450 | |
| 001 | 523 | |
| 005 | 20140909165830.98 | |
| 010 | @a978-7-5642-1279-7@dCNY34.00 | |
| 100 | @a20120425d2012 em y0chiy50 ea | |
| 101 | 0 | @achi |
| 102 | @aCN@b310000 | |
| 105 | @ay z 000yy | |
| 106 | @ar | |
| 200 | 1 | @a保险实务与案例@ABao Xian Shi Wu Yu An Li@f张炳达,王晓静编著@FZhang Bing Da, Wang Xiao Jing Bian Zhu |
| 210 | @a上海@c上海财经大学出版社@d2012 | |
| 215 | @a314页@d23cm | |
| 300 | @a高职高专国际商务核心课程系列 | |
| 312 | @a封面英文题名:Insurance practices and case | |
| 330 | @a本书共分三篇6章,内容包括:走进保险、签订和执行保险合同、掌握保险的基本原则、财产损失保险、人身保险产品等。 | |
| 510 | 1 | @aInsurance practices and case@zeng |
| 606 | 0 | @a保险业务@y中国@x高等职业教育@j教材 |
| 606 | 0 | @a保险业务 |
| 690 | @aF842.4@v5 | |
| 701 | 0 | @a张炳达@AZhang Bing Da@c(经济)@4编著 |
| 701 | 0 | @a王晓静@AWang Xiao Jing@4编著 |
| 801 | 0 | @aCN@bTANGWEI@c20140603 |
| 905 | @b0840656-58@dF842.4@e99@f3 | |
| 保险实务与案例/张炳达,王晓静编著.-上海:上海财经大学出版社,2012 |
| 314页;23cm |
| 高职高专国际商务核心课程系列 |
| ISBN 978-7-5642-1279-7:CNY34.00 |
| 本书共分三篇6章,内容包括:走进保险、签订和执行保险合同、掌握保险的基本原则、财产损失保险、人身保险产品等。 |
| ● |
| 相关链接 |
|
|
|
|
正题名:保险实务与案例
索取号:F842.4/99
 
预约/预借
| 序号 | 登录号 | 条形码 | 馆藏地/架位号 | 状态 | 备注 |
| 1 | 0840656 | 208406562 | 第一样本阅览室/ [索取号:F842.4/99] | 在馆 | |
| 2 | 0840657 | 208406571 | 第一借阅区/ [索取号:F842.4/99] | 在馆 | |
| 3 | 0840658 | 208406580 | 密集书库-海洋学院/ [索取号:F842.4/99] | 在馆 |